Hydrothermal synthesis of biobr/mwcnt composites and significance of early formation of Bi6O6(OH)(NO3)3∙1.5H2O as an intermediate compound

Elmentve itt :
Bibliográfiai részletek
Szerzők: Sharma Nikita
Pap Zsolt
Garg Seema
Hernádi Klára
Dokumentumtípus: Könyv része
Megjelent: University of Szeged Szeged 2019
Sorozat:II. Sustainable Raw Materials Conference Book - International Project Week and Scientific Conference
Tárgyszavak:
mtmt:30736299
Online Access:http://publicatio.bibl.u-szeged.hu/26693
LEADER 00938naa a2200241 i 4500
001 publ26693
005 20230307092948.0
008 230307s2019 hu o 0|| Angol d
020 |a 9789633066720 
024 7 |a 30736299  |2 mtmt 
040 |a SZTE Publicatio Repozitórium  |b hun 
041 |a Angol 
100 1 |a Sharma Nikita 
245 1 0 |a Hydrothermal synthesis of biobr/mwcnt composites and significance of early formation of Bi6O6(OH)(NO3)3∙1.5H2O as an intermediate compound  |h [elektronikus dokumentum] /  |c  Sharma Nikita 
260 |a University of Szeged  |b Szeged  |c 2019 
300 |a 4 
300 |a 220-223 
490 0 |a II. Sustainable Raw Materials Conference Book - International Project Week and Scientific Conference 
650 4 |a Kémiai tudományok 
700 0 1 |a Pap Zsolt  |e aut 
700 0 1 |a Garg Seema  |e aut 
700 0 1 |a Hernádi Klára  |e aut 
856 4 0 |u http://publicatio.bibl.u-szeged.hu/26693/1/30736299.pdf  |z Dokumentum-elérés